00612 2200241 4500001002100000005001500021035002000036245005500056100001000111250000600121300003600127700001700163260003700180082000800217084001400225020002200239650002400261990001700285990001700302990001700319990001700336990001700353INLIS00000000000054320181211113220 a0010-12180000291 aBudi Daya Melon /cDedeh; Penyunting, Sakti Wibowo0 aDedeh a- avii, 71 hlm. :bilus. ;c25 cm.0 aSakti Wibowo aJakarta :bNobel Edumedia,c2009 a634 a634 DED b a978-602-8219-38-9 aTanaman Buah-Buahan a01952/P/2018 a01953/P/2018 a01954/P/2018 a01955/P/2018 a01956/P/2018